[Event "IRQ-chT 30th"]
[Site "Baghdad"]
[Date "2018.03.22"]
[Round "9"]
[White "Karpatchev, Aleksandr"]
[Black "Jaafer, Hayder A Jaafer"]
[Result "1-0"]
[WhiteElo "2478"]
[BlackElo "1744"]
[PlyCount "39"]
[EventDate "2018.03.08"]
[EventType "team-swiss"]
[EventRounds "13"]
[EventCountry "IRQ"]
[SourceTitle "CBM 183 Extra"]
[Source "ChessBase"]
[SourceDate "2018.04.19"]
[SourceVersion "1"]
[SourceVersionDate "2018.04.19"]
[SourceQuality "1"]

1. e4 e6 2. d4 d5 3. Nc3 dxe4 4. Nxe4 Nd7 5. Nf3 Ngf6 6. Nxf6+ Nxf6 7. c3 Be7 8. Bd3 0-0 9. Qc2 b6 10. Bg5 g6 11. Bh6 Re8 12. Ne5 Bd7 13. h4 Bf8 14. h5 Bxh6 15. hxg6 fxg6 16. Rxh6 Re7 17. 0-0-0 Be8 18. Rdh1 c5 19. Bxg6 Bxg6 20. Nxg6 1-0

[Event "IRQ-chT 29th"]
[Site "Baghdad"]
[Date "2017.03.23"]
[Round "8"]
[White "Jaafer, Hayder A Jaafer"]
[Black "Abdulwahhab, Ahmed Abdulsattar"]
[Result "0-1"]
[WhiteElo "1710"]
[BlackElo "2221"]
[PlyCount "55"]
[EventDate "2017.03.09"]
[EventType "team-match"]
[EventRounds "11"]
[EventCountry "IRQ"]
[SourceTitle "CBM 177 Extra"]
[Source "ChessBase"]
[SourceDate "2017.04.27"]
[SourceVersion "1"]
[SourceVersionDate "2017.04.27"]
[SourceQuality "1"]
[WhiteTeam "Al Qethara"]
[BlackTeam "Al Kahraba"]
[WhiteTeamCountry "IRQ"]
[BlackTeamCountry "IRQ"]

1. e4 c5 2. Nf3 e6 3. d4 cxd4 4. Nxd4 Nf6 5. Nc3 Nc6 6. Bg5 Bb4 7. Nxc6 bxc6 8. Bd3 Qa5 9. Bd2 Qc7 10. 0-0 Rb8 11. Rb1 d5 12. exd5 cxd5 13. Nb5 Qe7 14. Bxb4 Qxb4 15. Nc7+ Ke7 16. Na6 Bxa6 17. Bxa6 Rhd8 18. Qe2 Qe4 19. Qd2 Kf8 20. b3 Qb4 21. Qxb4+ Rxb4 22. f3 d4 23. Rbd1 Nd5 24. a3 Rb6 25. Bc4 Ne3 26. Ba6 Rb4 27. Rb1 Rb6 28. Rbd1 0-1

[Event "Arab-ch U20"]
[Site "Djerba"]
[Date "2016.07.23"]
[Round "1.2"]
[White "Jaafer, Hayder A Jaafer"]
[Black "Kandil, Adham"]
[Result "1/2-1/2"]
[WhiteElo "1703"]
[BlackElo "2313"]
[PlyCount "33"]
[EventDate "2016.07.23"]
[EventType "swiss"]
[EventRounds "9"]
[EventCountry "TUN"]
[SourceTitle "EXT 2024"]
[Source "ChessBase"]
[SourceDate "2023.10.10"]
[SourceVersion "1"]
[SourceVersionDate "2023.10.10"]
[SourceQuality "1"]

1. e4 c5 2. Nf3 d6 3. d4 cxd4 4. Nxd4 Nf6 5. Nc3 a6 6. Bg5 Nbd7 7. f3 e6 8. Qd2 h6 9. Be3 b5 10. 0-0-0 Bb7 11. Kb1 Rc8 12. Qf2 b4 13. Na4 Qa5 14. b3 d5 15. e5 Ng8 16. f4 Bc6 17. Nxc6 1/2-1/2